000 00708nam a2200229Ia 4500
003 OSt
005 20220923213841.0
006 a|||||r|||| 00| 0
007 ta
008 220922b |||||||| |||| 00| 0 hin d
024 _a165,159
037 _cTextual
040 _aARTS
_cARTS
_bhin
041 _2hin
_ahin
082 _aO152:1N5:9, L33 (TTPH)
100 _aपुरोहित, मंजुला
245 0 _aनयी कविता संवेदना और शिल्प
246 _aNayī kavitā sanvedanā aur shilpa
260 _c1973
942 _hO152:1N5:9, L33 (TTPH)
_cTEXL
_2CC
999 _c319638
_d319638